[Event "Titled Tue 24th Jun Early"]
[Site "chess.com INT"]
[Date "2025.06.24"]
[Round "9"]
[White "Kozak, Antoni"]
[Black "Nakonechnyi, Oleksii"]
[Result "1-0"]
[BlackTitle "CM"]
[WhiteElo "2426"]
[BlackElo "2222"]
[WhiteFideId "21832030"]
[BlackFideId "34173714"]
[EventDate "2025.06.24"]

1. Nf3 Nf6 2. c4 g6 3. Nc3 Bg7 4. d4 d6 5. h3 O-O 6. Bf4 Nc6 7. e3 Re8 8. Be2
Nh5 9. Bh2 e5 10. dxe5 Nxe5 11. Nxe5 Bxe5 12. Bxh5 Bxc3+ 13. bxc3 gxh5 14. Qxh5
Qf6 15. Rc1 Qg6 16. Qxg6+ hxg6 17. c5 dxc5 18. Bxc7 Be6 19. a3 Rac8 20. Bf4 Bc4
21. h4 f6 22. f3 Rcd8 23. g4 Re6 24. g5 fxg5 25. hxg5 Ra6 26. Be5 Rd5 27. Bf6
Rxa3 28. Kf2 Ra2+ 29. Kg3 Rd7 30. Rh8+ Kf7 31. Rch1 Rad2 32. Kf4 Ke6 33. R1h6
Rf2 34. Rxg6 Be2 35. Bd4+ Kd5 36. e4+ Kc4 37. Bxf2 Rd3 38. Be3 1-0

[Event "Titled Tue 24th Jun Early"]
[Site "chess.com INT"]
[Date "2025.06.24"]
[Round "9"]
[White "Brancaleoni, Maurizio"]
[Black "Ugorek, Kacper"]
[Result "0-1"]
[WhiteTitle "FM"]
[BlackTitle "CM"]
[WhiteElo "2185"]
[BlackElo "2262"]
[WhiteFideId "803022"]
[BlackFideId "21890676"]
[EventDate "2025.06.24"]

1. Nf3 Nf6 2. c4 g6 3. b3 Bg7 4. Bb2 O-O 5. g3 d6 6. Bg2 Nbd7 7. d4 a5 8. O-O a4
9. Na3 c6 10. Qc2 Qa5 11. Rfd1 Nb6 12. Bc3 Qh5 13. Nd2 Bh3 14. Nf1 Bxg2 15. Kxg2
d5 16. e3 Ne4 17. Bb4 Rfe8 18. Nd2 Nxd2 19. Qxd2 e5 20. dxe5 Qxe5 21. Rac1 axb3
22. axb3 Qe4+ 23. Kg1 h5 24. h4 Nd7 25. Nb1 Ne5 26. Qc2 Nf3+ 27. Kf1 Qg4 28.
cxd5 Qxb4 29. dxc6 bxc6 30. Qxc6 Qg4 31. Rc4 Qh3+ 32. Ke2 Ne5 33. Qh1 Qxh1 0-1

[Event "Titled Tue 24th Jun Early"]
[Site "chess.com INT"]
[Date "2025.06.24"]
[Round "9"]
[White "Aakash, G"]
[Black "Naroditsky, Daniel"]
[Result "0-1"]
[WhiteTitle "FM"]
[BlackTitle "GM"]
[WhiteElo "2123"]
[BlackElo "2619"]
[WhiteFideId "25644394"]
[BlackFideId "2026961"]
[EventDate "2025.06.24"]

1. d4 Nf6 2. c4 g6 3. Nc3 Bg7 4. Nf3 d6 5. Bg5 Bf5 6. Nd2 c5 7. d5 h6 8. Bh4 g5
9. Bg3 Nbd7 10. e4 Bg6 11. h4 g4 12. Be2 h5 13. f4 gxf3 14. gxf3 Bh6 15. f4 Rg8
16. e5 Bh7 17. exf6 Rxg3 18. Nde4 Re3 19. Rg1 Bxe4 20. Rg8+ Nf8 21. Kf2 Rxc3 22.
bxc3 exf6 23. Bxh5 f5 24. Bxf7+ Kxf7 25. Qh5+ Kxg8 26. Qxh6 Kf7 27. Qh5+ Ke7 28.
Rg1 Kd7 29. Rg7+ Kc8 30. Qf7 Qxh4+ 31. Kg1 Qe1+ 32. Kh2 Qh1+ 33. Kg3 Qg2+ 34.
Kh4 Qh2+ 35. Kg5 Qg3+ 36. Kf6 Qh4+ 37. Rg5 Nh7+ 38. Ke7 Kc7 39. Ke6+ Kb6 40. Qd7
Nf8+ 0-1

[Event "Titled Tue 24th Jun Early"]
[Site "chess.com INT"]
[Date "2025.06.24"]
[Round "9"]
[White "Gaal, Zsoka"]
[Black "Dehtiarov, Roman"]
[Result "1-0"]
[WhiteTitle "WGM"]
[BlackTitle "FM"]
[WhiteElo "2391"]
[BlackElo "2416"]
[WhiteFideId "777765"]
[BlackFideId "14186640"]
[EventDate "2025.06.24"]

1. Nf3 d5 2. g3 Bg4 3. Bg2 e6 4. O-O Nd7 5. h3 Bh5 6. d4 c6 7. c4 Ngf6 8. Qb3
Qb6 9. c5 Qa6 10. Nc3 b6 11. cxb6 axb6 12. Re1 Bg6 13. Nh4 c5 14. Nxg6 hxg6 15.
e4 cxd4 16. Nb5 Rc8 17. exd5 Nc5 18. Qc4 Be7 19. dxe6 fxe6 20. Rxe6 Nxe6 21.
Nd6+ Bxd6 22. Qxa6 O-O 23. Qxb6 Rfd8 24. Bd2 Nf8 25. Re1 Bc5 26. Qa5 d3 27. b4
Bd4 28. b5 Rd7 29. b6 Rb8 30. b7 Kh8 31. Bf4 Rbxb7 32. Bxb7 Rxb7 33. Qa6 Rd7 34.
Rd1 Bc5 35. Rxd3 1-0

[Event "Titled Tue 24th Jun Early"]
[Site "chess.com INT"]
[Date "2025.06.24"]
[Round "9"]
[White "Arakelyan, Manvel"]
[Black "Tari, Aryan"]
[Result "0-1"]
[WhiteTitle "FM"]
[BlackTitle "GM"]
[WhiteElo "2326"]
[BlackElo "2636"]
[WhiteFideId "13317415"]
[BlackFideId "1510045"]
[EventDate "2025.06.24"]

1. e4 a6 2. d4 e6 3. Bd3 d5 4. e5 Bd7 5. a4 c5 6. c3 Nc6 7. Ne2 cxd4 8. cxd4 Nb4
9. O-O Ne7 10. Nbc3 Nxd3 11. Qxd3 Nc6 12. Qg3 Rc8 13. h4 h6 14. h5 Rg8 15. Bxh6
Ne7 16. Bg5 Nf5 17. Qg4 Qb6 18. a5 Qb3 19. Rac1 Bb4 20. Ng3 Bxa5 21. Nce2 Rc4
22. Bf6 Nh6 23. Qf4 gxf6 24. Qxh6 fxe5 25. dxe5 Bd8 26. Qh7 Rcg4 27. f3 Qe3+ 28.
Kh2 Rh4# 0-1

[Event "Titled Tue 24th Jun Early"]
[Site "chess.com INT"]
[Date "2025.06.24"]
[Round "9"]
[White "Baskakov, Egor"]
[Black "Dann, Matthias"]
[Result "1-0"]
[WhiteTitle "CM"]
[BlackTitle "IM"]
[WhiteElo "2215"]
[BlackElo "2446"]
[WhiteFideId "24197866"]
[BlackFideId "24638056"]
[EventDate "2025.06.24"]

1. e4 c5 2. Nf3 d6 3. d4 cxd4 4. Nxd4 Nf6 5. Nc3 a6 6. g3 g6 7. Bg2 Bg4 8. Nde2
Nc6 9. h3 Bd7 10. O-O Bg7 11. a4 O-O 12. Nd5 Rc8 13. Be3 Nxd5 14. exd5 Na5 15.
Ra2 e5 16. dxe6 Bxe6 17. b3 Nc6 18. c4 b5 19. axb5 axb5 20. cxb5 Nb4 21. Ra4 Nc2
22. Qd3 Nxe3 23. Qxe3 Rb8 24. Bc6 Bxh3 25. Rd1 Be6 26. Nf4 Bg4 27. Rd2 Bh6 28.
Qd4 Qg5 29. Qd5 Qf6 30. Kg2 Qc3 31. Qd3 Qe5 32. Qe3 Bg5 33. Qxe5 dxe5 34. Rd5 f6
35. Nh3 Bh6 36. Rxg4 1-0

[Event "Titled Tue 24th Jun Early"]
[Site "chess.com INT"]
[Date "2025.06.24"]
[Round "9"]
[White "Purushothaman, Thirumalai"]
[Black "Gimeno Martos, Roberto"]
[Result "0-1"]
[WhiteTitle "FM"]
[BlackTitle "CM"]
[WhiteElo "2027"]
[BlackElo "2090"]
[WhiteFideId "5012791"]
[BlackFideId "2226804"]
[EventDate "2025.06.24"]

1. e4 g6 2. d4 Bg7 3. Nc3 c6 4. Be3 Nf6 5. Qd2 Ng4 6. Bg5 h6 7. Bh4 O-O 8. O-O-O
d5 9. h3 Nf6 10. e5 Ne4 11. Nxe4 dxe4 12. Qe3 Qa5 13. Kb1 Be6 14. a3 Na6 15.
Bxe7 Rfe8 16. Bf6 Bxf6 17. exf6 Kh7 18. h4 Rad8 19. h5 g5 20. Ne2 c5 21. Ng3
cxd4 22. Qxe4+ Kg8 23. Bd3 Ba2+ 24. Kxa2 Rxe4 25. Bxe4 Nc5 26. Bf5 d3 27. Bxd3
Nxd3 28. Rxd3 Rxd3 29. cxd3 Qd5+ 30. Ka1 Qxg2 31. Rc1 Qxf2 32. Rc8+ Kh7 33. Ne4
Qf1+ 34. Ka2 Qxd3 35. Nc5 Qc4+ 36. Ka1 b6 0-1

[Event "Titled Tue 24th Jun Early"]
[Site "chess.com INT"]
[Date "2025.06.24"]
[Round "9"]
[White "Kobalia, Mikhail"]
[Black "Boci, Mateu"]
[Result "1-0"]
[WhiteTitle "GM"]
[BlackTitle "FM"]
[WhiteElo "2538"]
[BlackElo "2274"]
[WhiteFideId "4119150"]
[BlackFideId "4704665"]
[EventDate "2025.06.24"]

1. c4 e5 2. e3 Nc6 3. Nc3 Bc5 4. a3 a6 5. b4 Ba7 6. Bb2 Nge7 7. Nf3 O-O 8. d4 d6
9. Be2 f5 10. O-O h6 11. dxe5 Nxe5 12. Nd4 f4 13. Qb3 Kh8 14. Ne4 N7g6 15. Rad1
Nh4 16. c5 f3 17. gxf3 Bh3 18. f4 Bxf1 19. Kxf1 Qc8 20. Ne6 Re8 21. fxe5 Qxe6
22. Qxe6 Rxe6 23. Bg4 Ree8 24. cxd6 cxd6 25. Nxd6 Rf8 26. e6 Ng6 27. Nf5 Kh7 28.
Rd7 Rg8 29. Nxg7 1-0

[Event "Titled Tue 24th Jun Early"]
[Site "chess.com INT"]
[Date "2025.06.24"]
[Round "9"]
[White "Murzin, Volodar"]
[Black "Samsonkin, Artiom"]
[Result "1-0"]
[WhiteTitle "GM"]
[BlackTitle "IM"]
[WhiteElo "2666"]
[BlackElo "2361"]
[WhiteFideId "44155573"]
[BlackFideId "13503111"]
[EventDate "2025.06.24"]

1. d4 Nf6 2. Nf3 e6 3. Bg5 b6 4. Nbd2 Bb7 5. e4 h6 6. Bxf6 Qxf6 7. Bd3 g6 8. c3
Bg7 9. Qe2 O-O 10. e5 Qe7 11. Be4 d5 12. Bd3 c5 13. O-O Nc6 14. Rfe1 cxd4 15.
cxd4 Nb4 16. Nb1 Nxd3 17. Qxd3 Qb4 18. Re2 a5 19. Qd1 Ba6 20. Rc2 Rfc8 21. Nc3
h5 22. Qd2 Qf8 23. h4 Bh6 24. Ng5 Qe7 25. Rac1 Bxg5 26. hxg5 Kg7 27. Qf4 Qd8 28.
Qf6+ Qxf6 29. exf6+ Kf8 30. Na4 Rcb8 31. Rc7 Bb5 32. Nc3 Be8 33. Ne2 Rd8 34. Nf4
Rd7 35. Nd3 Rxc7 36. Rxc7 1-0

[Event "Titled Tue 24th Jun Early"]
[Site "chess.com INT"]
[Date "2025.06.24"]
[Round "9"]
[White "Zakin, Ilay"]
[Black "Shuvalov, Evgenij"]
[Result "0-1"]
[WhiteTitle "FM"]
[WhiteElo "2300"]
[BlackElo "1986"]
[WhiteFideId "2848279"]
[BlackFideId "4187237"]
[EventDate "2025.06.24"]

1. Nf3 Nf6 2. g3 g6 3. Bg2 Bg7 4. O-O O-O 5. c4 c6 6. d4 d5 7. Nc3 dxc4 8. Ne5
Ng4 9. f4 Nxe5 10. fxe5 c5 11. e3 Nc6 12. Ne2 Qb6 13. Rf4 cxd4 14. exd4 Bxe5 15.
Rh4 Bf6 16. Rh6 Nxd4 17. Kh1 Bg4 18. Be3 Bxe2 19. Bxd4 Bxd1 20. Bxb6 axb6 21.
Rxd1 Rxa2 22. Bxb7 Rxb2 23. g4 c3 24. Be4 b5 25. Rh3 b4 26. Rg3 b3 27. g5 Be5
28. Re3 c2 29. Rc1 Bf4 30. Ree1 Bxc1 31. Rxc1 Rd8 0-1

[Event "Titled Tue 24th Jun Early"]
[Site "chess.com INT"]
[Date "2025.06.24"]
[Round "9"]
[White "Gong, Qianyun"]
[Black "Zeliantsova, Kseniya"]
[Result "1-0"]
[WhiteTitle "WGM"]
[BlackTitle "WFM"]
[WhiteElo "2228"]
[BlackElo "2062"]
[WhiteFideId "8602425"]
[BlackFideId "13512617"]
[EventDate "2025.06.24"]

1. d4 Nf6 2. c4 g6 3. Nf3 Bg7 4. g3 d6 5. Bg2 O-O 6. O-O Nbd7 7. Nc3 e5 8. e4
Re8 9. Re1 exd4 10. Nxd4 Nc5 11. Bg5 h6 12. Bxf6 Bxf6 13. Nd5 Bg7 14. Rc1 c6 15.
Nc3 Qc7 16. b4 Ne6 17. Nb3 h5 18. h4 Nf8 19. Qd2 Be6 20. Nd5 cxd5 21. cxd5 Qb6
22. dxe6 Nxe6 23. Red1 Red8 24. Bh3 Kh7 25. Kg2 Nf8 26. Rc4 Qa6 27. Rdc1 Bh6 28.
f4 Bg7 29. R1c2 Kg8 30. Qd5 b5 31. Rc7 Ne6 32. Bxe6 fxe6 33. Qxe6+ Kh8 34. Qxg6 1-0

[Event "Titled Tue 24th Jun Early"]
[Site "chess.com INT"]
[Date "2025.06.24"]
[Round "9"]
[White "Szczepanek, Radoslaw"]
[Black "Miserendino, Alfredo"]
[Result "1-0"]
[WhiteTitle "CM"]
[WhiteElo "2197"]
[BlackElo "2032"]
[WhiteFideId "1120395"]
[BlackFideId "101800"]
[EventDate "2025.06.24"]

1. e4 c5 2. Nc3 e6 3. Nf3 Nc6 4. d4 cxd4 5. Nxd4 Bc5 6. Nb3 Bb6 7. Bf4 Nge7 8.
Bd6 O-O 9. Bd3 Bc7 10. Nb5 Bxd6 11. Nxd6 b6 12. Qe2 Rb8 13. e5 Bb7 14. O-O-O f5
15. exf6 Rxf6 16. Ne4 Rf8 17. Ng5 h6 18. Nxe6 dxe6 19. Qxe6+ Kh8 20. Rhe1 Qd5
21. Qh3 Qg5+ 22. Kb1 Rbd8 23. Nd2 Qa5 24. Re6 1-0

[Event "Titled Tue 24th Jun Early"]
[Site "chess.com INT"]
[Date "2025.06.24"]
[Round "9"]
[White "Xalmatov, Yakubjon"]
[Black "Brenke, Andreas"]
[Result "1-0"]
[WhiteTitle "CM"]
[BlackTitle "FM"]
[WhiteElo "2096"]
[BlackElo "2349"]
[WhiteFideId "14201615"]
[BlackFideId "4602900"]
[EventDate "2025.06.24"]

1. e4 c6 2. d4 d5 3. exd5 cxd5 4. Bd3 Nc6 5. c3 Qc7 6. h3 e5 7. dxe5 Nxe5 8. Nf3
Nxd3+ 9. Qxd3 Bd6 10. O-O Ne7 11. Na3 a6 12. Nc2 Bf5 13. Qd1 O-O 14. Ne3 Be4 15.
Nd4 Rad8 16. f3 Bg6 17. Ng4 Rfe8 18. Bg5 f6 19. Bxf6 gxf6 20. Nxf6+ Kh8 21. Nxe8
Rxe8 22. Re1 Rg8 23. Qe2 Nf5 24. Nxf5 Bxf5 25. Kh1 Qg7 26. g4 Qh6 27. Qg2 Qf4
28. Rad1 Rg5 29. Rd4 Bxg4 30. Rxf4 1-0

[Event "Titled Tue 24th Jun Early"]
[Site "chess.com INT"]
[Date "2025.06.24"]
[Round "9"]
[White "Ocampos, Ian"]
[Black "Li, Yilin"]
[Result "1/2-1/2"]
[BlackTitle "WFM"]
[WhiteElo "2216"]
[BlackElo "1922"]
[WhiteFideId "117544"]
[BlackFideId "8610410"]
[EventDate "2025.06.24"]

1. e4 c5 2. d4 cxd4 3. c3 dxc3 4. Nxc3 d6 5. Bc4 Nc6 6. Nf3 e6 7. O-O Nf6 8. Qe2
Be7 9. Rd1 Qa5 10. Nb5 O-O 11. Nxd6 Ne5 12. Nxe5 Qxe5 13. f4 Qc5+ 14. Be3 Qa5
15. e5 Nd5 16. Kh1 Bxd6 17. exd6 Rd8 18. Bd2 Qb6 19. Bxd5 exd5 20. f5 Bxf5 21.
Bf4 Be4 22. Rac1 h6 23. b3 Re8 24. Qg4 Re6 25. d7 Rd8 26. Rc8 Rg6 27. Qxg6 fxg6
28. Bc7 Qf2 29. Rxd8+ Kh7 30. Rh8+ Kxh8 31. d8=Q+ Kh7 32. Rg1 Bxg2+ 33. Rxg2
Qf1+ 34. Rg1 Qf3+ 35. Rg2 Qf1+ 36. Rg1 Qf3+ 37. Rg2 Qf1+ 1/2-1/2

[Event "Titled Tue 24th Jun Early"]
[Site "chess.com INT"]
[Date "2025.06.24"]
[Round "9"]
[White "Donchenko, Alexander"]
[Black "Jakubowski, Krzysztof"]
[Result "1-0"]
[WhiteTitle "GM"]
[BlackTitle "GM"]
[WhiteElo "2613"]
[BlackElo "2448"]
[WhiteFideId "24603295"]
[BlackFideId "1112848"]
[EventDate "2025.06.24"]

1. Nf3 Nf6 2. c4 e6 3. Nc3 Bb4 4. Qc2 O-O 5. a3 Bxc3 6. Qxc3 b6 7. e3 Bb7 8. Be2
c5 9. O-O d5 10. b4 Nbd7 11. Bb2 Rc8 12. d3 Qe7 13. Rfd1 Rfe8 14. Rac1 e5 15.
Qb3 d4 16. e4 Nxe4 17. dxe4 Bxe4 18. Re1 f5 19. Bf1 Ba8 20. Nxe5 Nxe5 21. f4
Nf3+ 22. gxf3 Qh4 23. Rxe8+ Rxe8 24. bxc5 bxc5 25. Qb5 Rc8 26. Qd7 Rb8 27. Qe6+
Kh8 28. Qxf5 h6 29. Bd3 Kg8 30. Rc2 Bxf3 31. Rf2 Rxb2 32. Rxb2 Qe1+ 33. Bf1 Qe3+
34. Rf2 d3 35. Qxd3 1-0

[Event "Titled Tue 24th Jun Early"]
[Site "chess.com INT"]
[Date "2025.06.24"]
[Round "9"]
[White "Pranesh, M"]
[Black "Dubnevych, Maksym"]
[Result "1-0"]
[WhiteTitle "GM"]
[BlackTitle "FM"]
[WhiteElo "2580"]
[BlackElo "2296"]
[WhiteFideId "35028600"]
[BlackFideId "14184001"]
[EventDate "2025.06.24"]

1. Nf3 d5 2. g3 c5 3. Bg2 Nc6 4. d4 Nf6 5. O-O e6 6. b3 Be7 7. Bb2 b6 8. c4 Bb7
9. cxd5 exd5 10. Nc3 O-O 11. Rc1 Ne4 12. dxc5 Nxc3 13. Bxc3 bxc5 14. e3 Qb6 15.
Qc2 d4 16. exd4 cxd4 17. Nxd4 Nxd4 18. Bxd4 Qxd4 19. Bxb7 Rad8 20. Bf3 Bf6 21.
Kg2 g6 22. Rfd1 Qb6 23. Bd5 Kg7 24. Qe4 Rfe8 25. Qf3 Rd6 26. Bc4 Red8 27. Rxd6
Rxd6 28. Rc2 h5 29. Re2 Qd8 30. a4 a5 31. h4 Rd7 32. Re4 Qa8 33. Rf4 Qxf3+ 34.
Kxf3 Bc3 35. Re4 Bb4 36. Re8 Rd6 37. Rb8 Rf6+ 38. Ke2 Rf5 39. Rb7 Re5+ 40. Kd3
Re7 41. Rb5 Rd7+ 42. Ke4 Re7+ 43. Kd5 Rd7+ 44. Kc6 Rd2 45. f4 f5 46. Rxb4 axb4
47. a5 Ra2 48. a6 1-0

[Event "Titled Tue 24th Jun Early"]
[Site "chess.com INT"]
[Date "2025.06.24"]
[Round "9"]
[White "Zou, Chen"]
[Black "Ismagilov, Damir"]
[Result "1-0"]
[WhiteTitle "IM"]
[BlackTitle "CM"]
[WhiteElo "2443"]
[BlackElo "2173"]
[WhiteFideId "8610959"]
[BlackFideId "34199982"]
[EventDate "2025.06.24"]

1. e4 c5 2. Nf3 d6 3. d4 cxd4 4. Nxd4 Nf6 5. Nc3 a6 6. f3 e6 7. Be3 h5 8. Qd2
Be7 9. O-O-O b5 10. Kb1 Bb7 11. a3 Nbd7 12. Rg1 Rc8 13. g3 Nb6 14. Qe1 d5 15. e5
Nfd7 16. Bd2 Nc4 17. Bxc4 Rxc4 18. Qe3 Nxe5 19. Qxe5 Bf6 20. Nxe6 fxe6 21. Qxe6+
Qe7 22. Qxe7+ Kxe7 23. Rge1+ Kf7 24. Bf4 Rhc8 25. Nxd5 Bxd5 26. Rxd5 Rxc2 27.
Be5 Rxh2 28. Rd7+ Kg6 29. Bxf6 gxf6 30. Rd3 Rcc2 31. Rb3 Rcg2 32. f4 Kf5 33. Rc1
Kg4 34. Rc6 Rxg3 35. Rb4 h4 36. Rxf6 h3 37. Rxa6 Rg1+ 38. Ka2 Rf2 39. Rg6+ Kf3
40. Rxg1 h2 41. Rh1 Kg2 42. Rxh2+ Kxh2 43. Rxb5 Rxf4 44. Rb4 Kg3 45. Rxf4 Kxf4
46. b4 1-0

[Event "Titled Tue 24th Jun Early"]
[Site "chess.com INT"]
[Date "2025.06.24"]
[Round "9"]
[White "Guerrero Cataldo, Juan Andres"]
[Black "Sethuraman, Roshan"]
[Result "0-1"]
[WhiteTitle "CM"]
[WhiteElo "2082"]
[BlackElo "2074"]
[WhiteFideId "3421260"]
[BlackFideId "30965250"]
[EventDate "2025.06.24"]

1. d4 Nf6 2. Nf3 d5 3. c4 e6 4. Nc3 dxc4 5. e3 a6 6. a4 Bb4 7. Bxc4 c5 8. O-O
O-O 9. dxc5 Bxc5 10. b3 Nc6 11. Bb2 Qc7 12. Rc1 Rd8 13. Qe2 Bd6 14. h3 Qe7 15.
Rfd1 Bd7 16. e4 Ne5 17. Nxe5 Bxe5 18. Qe3 Bc6 19. f3 Rxd1+ 20. Rxd1 Rd8 21. Kf2
h6 22. Rxd8+ Qxd8 23. Nd1 Bc7 24. Qd3 Qxd3 25. Bxd3 Nd7 26. Bc2 Nc5 27. Bd4 Bb6
28. Be3 a5 29. Nb2 Nd7 30. Nc4 Bc7 31. Bd2 b6 32. Be3 Kf8 33. Ke2 Ke7 34. g4 Bb7
35. Bd3 Ba6 36. Nb2 Bxd3+ 37. Nxd3 Kd6 38. b4 axb4 39. Nxb4 Nc5 40. Bxc5+ bxc5
41. Nc2 c4 42. Kd2 Kc5 43. Ne3 Bf4 44. Ke2 Bxe3 45. Kxe3 Kb4 46. Kd4 e5+ 47. Ke3
Kxa4 48. Kd2 Kb3 49. Kc1 g5 0-1

[Event "Titled Tue 24th Jun Early"]
[Site "chess.com INT"]
[Date "2025.06.24"]
[Round "9"]
[White "Durarbayli, Vasif"]
[Black "Carlsen, Magnus"]
[Result "0-1"]
[WhiteTitle "GM"]
[BlackTitle "GM"]
[WhiteElo "2612"]
[BlackElo "2837"]
[WhiteFideId "13402935"]
[BlackFideId "1503014"]
[EventDate "2025.06.24"]

1. e4 g6 2. d4 d6 3. Nc3 c6 4. Be3 Nf6 5. Qd2 Nbd7 6. O-O-O b5 7. Bd3 Qa5 8. Kb1
b4 9. Nce2 c5 10. f3 Bg7 11. c3 Rb8 12. c4 O-O 13. h4 h5 14. g4 Ba6 15. Rc1 Rfc8
16. g5 Ne8 17. d5 Ne5 18. f4 Ng4 19. Rh3 Nc7 20. f5 gxf5 21. exf5 Nxd5 22. f6
exf6 23. cxd5 c4 24. Bf5 c3 25. Qd1 b3 26. axb3 cxb2 27. Rxc8+ Bxc8 0-1

[Event "Titled Tue 24th Jun Early"]
[Site "chess.com INT"]
[Date "2025.06.24"]
[Round "9"]
[White "Marin Ferragut, Pau"]
[Black "Ivashentseva, Dominika"]
[Result "1-0"]
[WhiteTitle "FM"]
[BlackTitle "WCM"]
[WhiteElo "2380"]
[BlackElo "1969"]
[WhiteFideId "54716020"]
[BlackFideId "34331050"]
[EventDate "2025.06.24"]

1. e4 c5 2. Nf3 Nc6 3. d4 cxd4 4. Nxd4 g6 5. c4 Nf6 6. Nc3 d6 7. Be2 Nxd4 8.
Qxd4 Bg7 9. Be3 O-O 10. Qd2 a5 11. O-O a4 12. Rac1 Qa5 13. f3 Be6 14. Nb5 Qxd2
15. Bxd2 Nd7 16. Bc3 Rfc8 17. Bxg7 Kxg7 18. Rc3 Ne5 19. Rfc1 Ra5 20. f4 Nxc4 21.
Nd4 b5 22. b3 axb3 23. axb3 Nb6 24. Nxe6+ fxe6 25. Rxc8 Nxc8 26. Rxc8 Ra1+ 27.
Kf2 Rb1 28. Rc3 b4 29. Re3 d5 30. exd5 exd5 31. Rxe7+ Kf6 32. Re3 d4 33. Rd3 Ke6
34. Rxd4 Kf5 35. Bd3+ Kg4 36. Bxb1 g5 37. f5+ Kh5 38. f6 h6 39. g3 g4 40. Rd5# 1-0

[Event "Titled Tue 24th Jun Early"]
[Site "chess.com INT"]
[Date "2025.06.24"]
[Round "9"]
[White "Laddha, Shubh Jayesh"]
[Black "Reprintsev, Alexander"]
[Result "1-0"]
[WhiteTitle "FM"]
[BlackTitle "IM"]
[WhiteElo "2303"]
[BlackElo "2256"]
[WhiteFideId "30942799"]
[BlackFideId "14100541"]
[EventDate "2025.06.24"]

1. d4 d5 2. Nc3 Nf6 3. Bf4 a6 4. e3 e6 5. a3 c5 6. Nf3 Bd7 7. Bd3 c4 8. Be2 b5
9. O-O Nc6 10. Ne5 Be7 11. Bf3 O-O 12. e4 Nxe5 13. Bxe5 dxe4 14. Nxe4 Nxe4 15.
Bxe4 Rc8 16. Re1 Bc6 17. c3 Bxe4 18. Rxe4 f6 19. Bg3 Qd5 20. Qe2 Rc6 21. Re1 Kf7
22. Qf3 Rd8 23. Be5 Kg8 24. Bf4 Kf7 25. h3 h6 26. Qg3 Rd7 27. Bc1 Qf5 28. Rf4
Bd6 29. Rxf5 Bxg3 30. Rf3 Bc7 31. Bf4 Bxf4 32. Rxf4 a5 33. g4 b4 34. axb4 axb4
35. Ra1 bxc3 36. bxc3 Rb7 37. Re4 Rb3 38. Ra7+ Kg6 39. Re3 h5 40. Kg2 hxg4 41.
hxg4 Rcb6 42. Kg3 Rb1 43. Re7 Rg1+ 44. Kf3 Rc1 45. Kg2 Rb3 46. R3xe6 Rbxc3 47.
Rc7 Rd3 48. Ree7 Rxd4 49. Rxg7+ Kh6 50. f3 Rd2+ 51. Kg3 Rg1+ 52. Kf4 Rd4+ 53.
Kf5 Rd5+ 54. Kxf6 Rd6+ 55. Kf5 Rd5+ 56. Kf6 Rd6+ 57. Ke5 Rg6 58. Rh7+ Kg5 59.
Rh5# 1-0

[Event "Titled Tue 24th Jun Early"]
[Site "chess.com INT"]
[Date "2025.06.24"]
[Round "9"]
[White "Murthy, Pappu"]
[Black "Garde, Guillaume"]
[Result "0-1"]
[BlackTitle "CM"]
[WhiteElo "1838"]
[BlackElo "2211"]
[WhiteFideId "2013401"]
[BlackFideId "45138273"]
[EventDate "2025.06.24"]

1. e4 c6 2. d4 d5 3. e5 c5 4. dxc5 e6 5. a3 Bxc5 6. b4 Bb6 7. Qg4 Ne7 8. Qxg7
Rg8 9. Qxh7 Nbc6 10. Nf3 Qc7 11. Bf4 Bd7 12. Nbd2 O-O-O 13. Bg3 Nf5 14. Qxf7
Nxg3 15. hxg3 Nxe5 16. Qh5 Ng4 17. Bd3 Bxf2+ 18. Kf1 Qxg3 19. Rh3 Ne3+ 20. Ke2
Qxg2 21. Rh2 Qg3 22. Rxf2 Ng4 23. Raf1 Nxf2 24. Rxf2 e5 25. Bf5 e4 26. Bxd7+
Rxd7 27. Ne5 Re7 28. Qf5+ Kc7 0-1

[Event "Titled Tue 24th Jun Early"]
[Site "chess.com INT"]
[Date "2025.06.24"]
[Round "9"]
[White "De Boer, Eelke"]
[Black "Akshat Sureka"]
[Result "1-0"]
[WhiteTitle "IM"]
[BlackTitle "FM"]
[WhiteElo "2409"]
[BlackElo "2339"]
[WhiteFideId "1048120"]
[BlackFideId "25774492"]
[EventDate "2025.06.24"]

1. e4 c5 2. Nf3 d6 3. d4 cxd4 4. Nxd4 Nf6 5. Nc3 a6 6. Be3 e5 7. Nb3 Be6 8. Be2
Nbd7 9. O-O Be7 10. a4 O-O 11. a5 Nc5 12. Nxc5 dxc5 13. Bf3 Qc7 14. Nd5 Bxd5 15.
exd5 e4 16. Be2 Bd6 17. g3 Be5 18. Ra2 Rad8 19. c4 Ne8 20. b4 cxb4 21. Bb6 Qd6
22. Bxd8 Qxd8 23. c5 Nc7 24. Bc4 Kh8 25. d6 Nb5 26. Bxb5 axb5 27. Qd5 b3 28.
Qxb3 Bd4 29. Qd5 Qf6 30. Rd1 Be5 31. d7 Rd8 32. Qxb7 e3 33. fxe3 Qg5 34. Qf3 Bf6
35. c6 Qc5 36. a6 Bg5 37. a7 Bxe3+ 38. Kg2 Bg5 39. a8=Q 1-0

[Event "Titled Tue 24th Jun Early"]
[Site "chess.com INT"]
[Date "2025.06.24"]
[Round "9"]
[White "Chylewski, Patryk"]
[Black "Livaic, Leon"]
[Result "0-1"]
[WhiteTitle "IM"]
[BlackTitle "GM"]
[WhiteElo "2313"]
[BlackElo "2550"]
[WhiteFideId "1186191"]
[BlackFideId "14531534"]
[EventDate "2025.06.24"]

1. d4 d6 2. Nf3 Nf6 3. c4 g6 4. Nc3 Bg7 5. e4 Bg4 6. Be3 Nc6 7. Be2 Bxf3 8. Bxf3
e5 9. d5 Nd4 10. Bxd4 exd4 11. Qxd4 O-O 12. O-O Nd7 13. Qd2 Re8 14. Rfe1 Qf6 15.
Be2 Nc5 16. Bf1 Re7 17. g3 Rae8 18. Bg2 Qd4 19. Qxd4 Bxd4 20. Rac1 Nd3 21. Red1
Bxf2+ 22. Kf1 Be3 23. Rc2 Ne5 24. b3 Bb6 25. h3 Rf8 26. Ke2 f5 27. Rf1 Rfe8 28.
Kd1 fxe4 29. Nxe4 Kg7 30. Ng5 Nd7 31. Ne6+ Kg8 32. Re2 Nc5 33. Rfe1 Ba5 34. Rf1
Nxe6 35. Rxe6 Rxe6 36. dxe6 c6 37. Rf7 Rxe6 38. Rxb7 Re1+ 39. Kc2 Re2+ 40. Kd3
Rd2+ 41. Ke3 Rxg2 42. b4 Bb6+ 43. Kf4 Rxa2 0-1